000 00675cam a22002173a 4500
001 38486
003 PGUSA
005 20140828083841.0
008 120103s2012||||xxu|||||s|||||000 | eng d
040 _aPGUSA
_beng
042 _adc
100 1 _aGaribaldi, Giuseppe,
_d1807-1882
245 1 0 _aRule of the Monk; Or, Rome in the Nineteenth Century
_h[electronic resource] /
_cGiuseppe Garibaldi
260 _bProject Gutenberg,
_c2012
506 _aPublic domain in the USA.
516 _aElectronic text
740 0 _aRule of the Monk; Or, Rome in the 19th Century
830 0 _aProject Gutenberg
_v38486
856 4 0 _uhttp://www.gutenberg.org/ebooks/38486
942 _cEB
999 _c267740
_d267740